01057nam a2200217 4500003000800000005001700008008004100025040002600066041000800092100003900100245021100139260004300350300002300393502016700416504005100583650003600634650002600670650003100696651003100727830008100758DO-SdUA20250325093537.0 s2020 dr a|| |||| 0 |a||0|spa d aDO-SdUAbspacDO-SdUA0 aspa1 aFerrand De la Cruz, José Antonio10aCoordinación motriz gruesa y su incidencia en el desarrollo de la coordinación dinámica general. escuela primaria Prof. Eloina Constanzo, Provincia El Seibo, 2019 /cJosé Antonio Ferrand De la Cruz. aSan Pedro de Macorís :bUASD,c2020. a61, [30] h. :bil. aTesis y Trabajo de Grado (Maestría en Gestión de la Educación Física y el Deporte)--Universidad Autónoma de Santo Domingo, San Pedro de Macorís, 2020. aIncluye referencias bibliográficas y anexos. 72lembaAptitud motora en niños 72lembaPsicomotricidad 72lembaEducación primaria 7aEl Seibo (Provincia)y2019 aTesis y disertaciones académicas (Universidad Autónoma de Santo Domingo)